01513cam a2200385 4500001001400000005001700014008004100031020003100072040003200103041001300135044001100148072006500159080002600224080002300250080002300273100002600296240004300322245017100365246008100536250001500617264002900632300002300661336002600684337002900710338002900739500008100768655003900849655003300888655003500921655003800956655003200994655002601026700003601052700003901088vtls01223392420251113121900.0230626s2023 xo g 010 f slo  a9788022213882q(viazané) aSVKPObslocSVKPOdSNKerda1 asloheng axocSK 7a821.111-3xAnglická próza, anglicky písaná2konspekt a821.111(415)-3122011 a(0:82-311.6)22011 a(0:82-312.5)220111 aWhittaker, Harry4aut10aAtlas: the story of pa SaltlSlovensky10aAtlasbpríbeh tatka Slanéhon8. dielcHarry Whittaker, Lucinda Riley ; z anglického originálu Atlas: the story of pa Salt ... preložila Mária Kočanová1 iObálkový podnázov:aPríbeh tatka Slanéhobvšetko bude odhalené aVydanie I. 1aBratislavabTatranc2023 a598 stránc24 cm atextbtxt2rdacontent abez médiabn2rdamedia azväzokbnc2rdacarrier aObsahuje profesijné údaje o autoroch na záložke prebalu publikácie 7aírske romány (anglicky)2SNKPH 7ahistorické romány2SNKPH 7aľúbostné romány2SNKPH 7aIrish fiction (English)2SNKPHeng 7aHistorical novels2SNKPHeng 7aLove novels2SNKPHeng1 aRiley, Lucinda,d1965-20214aut1 aKočanová, Mária,d1955-4trl